00539nam a22001697a 450000500170000001000150001702000260003203500140005803700130007208200110008510000160009624500490011226000330016127000640019430000200025850500910027820170811120414.0 aENG-119751 a9788176473491c175.00 aEN-103283 bDBAD/PUB a260.64 aAmrik Singh aThe sikh way of maritial livingcAmrik Singh aLudhianabLahore Booksc2014 a2, Lajpat Rai Market, Near Society CinemabLudhianae141001 a128p.c22cm(Hb) aSignificance of Anand Karaj in modern life and Guru-guided ways for harmonious living.